书目信息 |
| 题名: |
外交的智慧
|
|
| 作者: | 郑华 主编 | |
| 分册: | ||
| 出版信息: | 北京 北京大学出版社 2013.06 |
|
| 页数: | 158页 | |
| 开本: | 24cm | |
| 丛书名: | 通识教育丛书 | |
| 单 册: | ||
| 中图分类: | D81-53 | |
| 科图分类: | ||
| 主题词: | 国际关系--文集 , 国际关系 | |
| 电子资源: | ||
| ISBN: | 978-7-301-22597-4 | |
| 000 | 01102oam2 2200289 450 | |
| 001 | 012013137743 | |
| 005 | 20160516093232.17 | |
| 010 | @a978-7-301-22597-4@dCNY28.00 | |
| 100 | @a20130704d2013 em y0chiy0110 ea | |
| 101 | 0 | @achi |
| 102 | @aCN@b110000@b310000 | |
| 105 | @ay z 000yy | |
| 106 | @ar | |
| 200 | 1 | @a外交的智慧@9wai jiao de zhi hui@dThe wisdom of diplomacy@e中国国际关系名家演讲录@f郑华主编@zeng |
| 210 | @a北京@c北京大学出版社@a上海@c上海交通大学出版社@d2013.06 | |
| 215 | @a158页@d24cm | |
| 225 | 2 | @a通识教育丛书 |
| 330 | @a本书从当代中国外交战略和思想精髓导入,就中东革命、欧债危机、美国重返亚太、俄罗斯权力政治等区域热点对中国外交的影响作出深刻分析,并进而提出经济外交和创造性介入等外交新思路可在中国对外交往中得到充分展示。 | |
| 333 | @a国际关系相关研究人员 | |
| 461 | 0 | @12001 @a通识教育丛书 |
| 517 | 1 | @a中国国际关系名家演讲录@9zhong guo guo ji guan xi ming jia yan jiang lu |
| 606 | 0 | @a国际关系@j文集 |
| 606 | 0 | @a国际关系 |
| 690 | @aD81-53@v5 | |
| 701 | 0 | @a郑华@9zheng hua@4主编 |
| 801 | 0 | @aCN@b人天书店@c20130704 |
| 905 | @b877582-87@dD81-53@e112@f6 | |
| 外交的智慧=The wisdom of diplomacy:中国国际关系名家演讲录/郑华主编.-北京:北京大学出版社;上海:上海交通大学出版社,2013.06 |
| 158页;24cm.-(通识教育丛书) |
| 使用对象:国际关系相关研究人员 |
| ISBN 978-7-301-22597-4:CNY28.00 |
| 本书从当代中国外交战略和思想精髓导入,就中东革命、欧债危机、美国重返亚太、俄罗斯权力政治等区域热点对中国外交的影响作出深刻分析,并进而提出经济外交和创造性介入等外交新思路可在中国对外交往中得到充分展示。 |
| ● |
| 相关链接 |
|
|
|
|
正题名:外交的智慧
索取号:D81-53/112
 
预约/预借
| 序号 | 登录号 | 条形码 | 馆藏地/架位号 | 状态 | 备注 |
| 1 | 877582 | 208775823 | 第一样本阅览室/ [索取号:D81-53/112] | 在馆 | |
| 2 | 877583 | 208775832 | 教育系资料室/ [索取号:D81-53/112] | 在馆 | |
| 3 | 877584 | 208775841 | 教育系资料室/ [索取号:D81-53/112] | 在馆 | |
| 4 | 877585 | 208775850 | 教育系资料室/ [索取号:D81-53/112] | 在馆 | |
| 5 | 877586 | 208775869 | 第一借阅区/ [索取号:D81-53/112] | 在馆 | |
| 6 | 877587 | 208775878 | 第一借阅区/ [索取号:D81-53/112] | 在馆 |